000 01354nam a2200349 i 4500
001 197992
003 ES-MaACL
005 20260218063010.0
007 ta
008 251201s2025 sp a|||| |||| 001 0 spa d
017 _aCC 229-2025
_bOficina Depósito Legal Cáceres
020 _a979-13-991162-1-2
040 _bspa
_cES-MaACL
_aES-MaACL
_erda
080 _a929 Rodríguez de Ledesma, Francisco
100 1 _4aut
_9174430
_aRamos Rubio, José Antonio,
_d1963-
_eaut
245 1 0 _aFrancisco Rodríguez Ledesma :
_bdiputado, jurista y dramaturgo español /
_cJosé Antonio Ramos Rubio, José Luis Pérez Mena
264 1 _aCáceres :
_bTau Editores,
_c2025
264 4 _a©2025
300 _a122 páginas :
_bilustraciones ;
_c23 cm
336 _2rdacontent
_atexto
337 _2rdamedia
_asin mediación
338 _2rdacarrier
_avolumen
504 _aBibliografía: páginas 117-118. Índice
600 1 4 _9242811
_aRodríguez de Ledesma, Francisco
700 1 _aRamos Rubio, José Antonio,
_eaut
_9174430
_4aut
_d1963-
700 _aPérez Mena, José Luis
_eaut
_9242566
852 _aES-MaACL
_cDEPO1
_jA-15941
_xEncuadernación rústica con solapas
_9207073
942 _cMONOGRAFIA
_n0
999 _c197992
_d197992